Welcome to CU Library Online Public Access Catalogue (OPAC)

Student Solutions Manual/ (Record no. 1490)

MARC details
000 -LEADER
fixed length control field 00465nam a22001457a 4500
005 - DATE AND TIME OF LATEST TRANSACTION
control field 20241122185000.0
008 - FIXED-LENGTH DATA ELEMENTS--GENERAL INFORMATION
fixed length control field 241122b |||||||| |||| 00| 0 eng d
020 ## - INTERNATIONAL STANDARD BOOK NUMBER
International Standard Book Number 9780131491595
050 ## - LIBRARY OF CONGRESS CALL NUMBER
Classification number QA157 FOA
100 ## - MAIN ENTRY--PERSONAL NAME
Personal name Foard, Patricia
245 ## - TITLE STATEMENT
Title Student Solutions Manual/
Remainder of title from Algebra & Trigonometry 3rd Ed. Blitzer
Statement of responsibility, etc. Patricia Foard
260 ## - PUBLICATION, DISTRIBUTION, ETC.
Place of publication, distribution, etc. Upper Saddle River, New Jersey
Name of publisher, distributor, etc. Pearson Prentice Hall
Date of publication, distribution, etc. 2004
300 ## - PHYSICAL DESCRIPTION
Extent 468p.
Other physical details ill.
Dimensions 25.5cm
942 ## - ADDED ENTRY ELEMENTS (KOHA)
Source of classification or shelving scheme Library of Congress Classification
Koha item type Books
Suppress in OPAC No
999 ## -
-- 1490
-- 1490
Holdings
Withdrawn status Lost status Source of classification or shelving scheme Damaged status Not for loan Collection Home library Current library Shelving location Date acquired Total checkouts Full call number Barcode Date last seen Copy number Price effective from Koha item type
    Library of Congress Classification     Non-fiction Science Library (Miotso) Science Library (Miotso) General stacks 11/22/2024   QA157 FOA SLM00000795 11/22/2024 1 11/22/2024 Books
© 2023-2024 Copyright: Central University Libraries. All Rights Reserved | Created by: Mahone Tech Office